[Event "19. Bosnjaci Open 2014"]
[Site "Bosnjaci CRO"]
[Date "2014.01.06"]
[Round "5.8"]
[White "Saric, Sinisa"]
[Black "Petrusic, Toni"]
[Result "1-0"]
[WhiteElo "2406"]
[BlackElo "2302"]
[PlyCount "57"]
[EventDate "2014.01.03"]
[EventType "swiss"]
[EventRounds "9"]
[EventCountry "CRO"]
[Source "lmi"]
[SourceDate "2014.01.03"]

1. d4 e6 2. c4 d5 3. Nc3 Be7 4. Nf3 Nf6 5. cxd5 exd5 6. Bg5 O-O 7. Qc2 g6 8. e3
Bf5 9. Bd3 Bxd3 10. Qxd3 c6 11. Bxf6 Bxf6 12. b4 a6 13. O-O Nd7 14. a4 b5 15.
a5 Be7 16. Rab1 f5 17. Ne5 Rc8 18. f4 Nxe5 19. fxe5 Kf7 20. Ne2 Bg5 21. g4 Kg8
22. gxf5 gxf5 23. Rxf5 Bxe3+ 24. Kh1 Rxf5 25. Qxf5 Qf8 26. Qh3 Bg5 27. Qg4 Kh8
28. Qxg5 Qf3+ 29. Qg2 1-0

[Event "19. Bosnjaci Open 2014"]
[Site "Bosnjaci CRO"]
[Date "2014.01.06"]
[Round "5.9"]
[White "Plenkovic, Zdenko"]
[Black "Videnova, Iva"]
[Result "1-0"]
[WhiteElo "2404"]
[BlackElo "2275"]
[PlyCount "91"]
[EventDate "2014.01.03"]
[EventType "swiss"]
[EventRounds "9"]
[EventCountry "CRO"]
[Source "lmi"]
[SourceDate "2014.01.03"]

1. Nf3 Nf6 2. g3 d5 3. Bg2 g6 4. O-O Bg7 5. d4 O-O 6. b3 c5 7. Bb2 cxd4 8. Bxd4
Nc6 9. Bb2 Re8 10. Ne5 Bf5 11. Nxc6 bxc6 12. Be5 Qd7 13. Nd2 Bh3 14. Nf3 Qf5
15. Qd3 Qh5 16. Bxh3 Qxh3 17. Bxf6 Bxf6 18. Rad1 e5 19. e4 Rad8 20. Qe2 Qg4 21.
Rfe1 Kg7 22. Rd3 h5 23. Kg2 dxe4 24. Qxe4 Qxe4 25. Rxe4 Rxd3 26. cxd3 Rd8 27.
Nxe5 Bxe5 28. Rxe5 Rxd3 29. Ra5 Rd7 30. Ra6 Rc7 31. b4 Kf8 32. Kf3 Ke7 33. Ke4
Kd7 34. Ra5 Kc8 35. Ke5 Kb7 36. Kf6 Rd7 37. h4 Kb6 38. a3 Rc7 39. Rg5 Rd7 40.
f4 Ka6 41. f5 gxf5 42. Rxh5 Rd3 43. Rxf5 Rxg3 44. h5 Kb6 45. Kxf7 Rxa3 46. h6
1-0

[Event "19. Bosnjaci Open 2014"]
[Site "Bosnjaci CRO"]
[Date "2014.01.06"]
[Round "5.10"]
[White "Sargac, Rajna"]
[Black "Leskur, Dejan"]
[Result "1/2-1/2"]
[WhiteElo "2172"]
[BlackElo "2395"]
[PlyCount "34"]
[EventDate "2014.01.03"]
[EventType "swiss"]
[EventRounds "9"]
[EventCountry "CRO"]
[Source "lmi"]
[SourceDate "2014.01.03"]

1. d4 g6 2. e3 Bg7 3. f4 Nf6 4. Nf3 O-O 5. Bd3 c5 6. O-O d6 7. dxc5 dxc5 8. Qe2
Nc6 9. c3 e5 10. e4 exf4 11. Bxf4 Nh5 12. Be3 Qe7 13. Nbd2 b6 14. Rae1 Be6 15.
a3 h6 16. Qf2 g5 17. h3 Ne5 1/2-1/2

[Event "19. Bosnjaci Open 2014"]
[Site "Bosnjaci CRO"]
[Date "2014.01.06"]
[Round "5.11"]
[White "Mrkonjic, Nenad"]
[Black "Zivkovic, Nikola"]
[Result "1-0"]
[WhiteElo "2376"]
[BlackElo "2204"]
[PlyCount "111"]
[EventDate "2014.01.03"]
[EventType "swiss"]
[EventRounds "9"]
[EventCountry "CRO"]
[Source "lmi"]
[SourceDate "2014.01.03"]

1. d4 Nf6 2. c4 g6 3. Nc3 Bg7 4. e4 d6 5. Bd3 O-O 6. Nge2 e5 7. d5 Nbd7 8. Rb1
a5 9. a3 Nc5 10. Bc2 Nh5 11. b4 axb4 12. axb4 Nd7 13. O-O Nf4 14. Be3 f5 15. f3
Nxe2+ 16. Qxe2 f4 17. Bf2 g5 18. Ra1 Rxa1 19. Rxa1 Nf6 20. h3 h5 21. Ra8 Qe7
22. Bd1 Qf7 23. Kf1 Kh7 24. Ke1 Rg8 25. Qf1 Bh6 26. c5 dxc5 27. bxc5 Qe7 28.
Bb3 Rd8 29. Qb5 Bf8 30. Ke2 Kg6 31. Qc4 Qg7 32. Nb5 Re8 33. Qc3 Bd7 34. Nxc7
Bb5+ 35. Nxb5 Rxa8 36. Qxe5 Qd7 37. Nc7 Ra3 38. Bc2 Ra2 39. Kd1 Rxc2 40. Qf5+
Qxf5 41. exf5+ Kxf5 42. Kxc2 Ke5 43. Kd3 Nd7 44. Bd4+ Kf5 45. Kc4 g4 46. c6
bxc6 47. hxg4+ hxg4 48. dxc6 Nb8 49. Kd5 gxf3 50. gxf3 Bb4 51. Nb5 Nxc6 52.
Kxc6 Be1 53. Kd5 Bb4 54. Bc5 Bd2 55. Nd4+ Kg5 56. Be7+ 1-0

[Event "19. Bosnjaci Open 2014"]
[Site "Bosnjaci CRO"]
[Date "2014.01.06"]
[Round "5.12"]
[White "Knezevic, Igor"]
[Black "Burovic, Ismet"]
[Result "0-1"]
[WhiteElo "2152"]
[BlackElo "2372"]
[PlyCount "92"]
[EventDate "2014.01.03"]
[EventType "swiss"]
[EventRounds "9"]
[EventCountry "CRO"]
[Source "lmi"]
[SourceDate "2014.01.03"]

1. d4 g6 2. Nf3 Bg7 3. c4 d6 4. Nc3 Nc6 5. e3 e5 6. Be2 f5 7. dxe5 dxe5 8.
Qxd8+ Nxd8 9. O-O c6 10. Rd1 Nf7 11. Rb1 Ne7 12. Na4 b6 13. b3 Be6 14. Bb2 g5
15. Rd2 g4 16. Ne1 h5 17. f4 Ng6 18. Nd3 h4 19. fxe5 Bh6 20. Bd4 c5 21. Naxc5
bxc5 22. Nxc5 Ng5 23. Rf1 O-O 24. Rdd1 Bc8 25. Bd3 Ne7 26. Kh1 h3 27. g3 a5 28.
Be2 Nc6 29. Bb2 Nd8 30. e4 Nb7 31. Ba3 Nxc5 32. Bxc5 Bb7 33. Rd6 Bg7 34. Rd7
Bxe4+ 35. Kg1 Rfe8 36. Be7 Nh7 37. Rfd1 Bxe5 38. Rd8 Raxd8 39. Rxd8 Rxd8 40.
Bxd8 Bd4+ 41. Kf1 Bg2+ 42. Ke1 Bg1 43. Bxa5 Bxh2 44. Kf2 f4 45. Bc7 Bxg3+ 46.
Kg1 Be4 0-1

[Event "19. Bosnjaci Open 2014"]
[Site "Bosnjaci CRO"]
[Date "2014.01.06"]
[Round "5.13"]
[White "Armanda, Ivica"]
[Black "Monjac, Mislav"]
[Result "1-0"]
[WhiteElo "2368"]
[BlackElo "2148"]
[PlyCount "55"]
[EventDate "2014.01.03"]
[EventType "swiss"]
[EventRounds "9"]
[EventCountry "CRO"]
[Source "lmi"]
[SourceDate "2014.01.03"]

1. e4 c5 2. Nf3 d6 3. d4 cxd4 4. Qxd4 Nf6 5. Bg5 Nc6 6. Bb5 Qa5+ 7. Nc3 Qxb5 8.
Nxb5 Nxd4 9. Nfxd4 Nxe4 10. Nc7+ Kd8 11. Nxa8 Nxg5 12. Nb5 a6 13. Nc3 b5 14. h4
Bb7 15. hxg5 Bxg2 16. Rh4 Bxa8 17. a4 bxa4 18. Raxa4 Bb7 19. Rab4 Kc7 20. Rhc4+
Bc6 21. Nd5+ Kd7 22. Nb6+ Kc7 23. Rc3 Kb7 24. Nd5+ Bb5 25. Rc7+ Kb8 26. c4 e6
27. cxb5 exd5 28. Rxf7 1-0

[Event "19. Bosnjaci Open 2014"]
[Site "Bosnjaci CRO"]
[Date "2014.01.06"]
[Round "5.14"]
[White "Zivkovic, Vjekoslav"]
[Black "Plenca, Jadranko"]
[Result "1/2-1/2"]
[WhiteElo "2365"]
[BlackElo "2127"]
[PlyCount "67"]
[EventDate "2014.01.03"]
[EventType "swiss"]
[EventRounds "9"]
[EventCountry "CRO"]
[Source "lmi"]
[SourceDate "2014.01.03"]

1. e4 e5 2. Nf3 Nc6 3. Bb5 a6 4. Ba4 d6 5. c3 Bd7 6. O-O g6 7. d4 Bg7 8. h3 Nf6
9. Re1 O-O 10. Nbd2 Re8 11. Bc2 h6 12. Nf1 Nh5 13. Ne3 Nf4 14. dxe5 Nxe5 15.
Nxe5 dxe5 16. Nd5 Ne6 17. Be3 b5 18. Qd2 Kh7 19. Rad1 Bc6 20. Nb4 Bb7 21. Qd7
Kg8 22. Qxd8 Raxd8 23. f3 Rxd1 24. Rxd1 Rd8 25. Rxd8+ Nxd8 26. Nd3 Kf8 27. Nc5
Bc8 28. a4 Ne6 29. Nd3 Ke8 30. Kf1 h5 31. b4 f6 32. Bb3 Bf8 33. Ke2 Nd8 34.
axb5 1/2-1/2

[Event "19. Bosnjaci Open 2014"]
[Site "Bosnjaci CRO"]
[Date "2014.01.06"]
[Round "5.15"]
[White "Blagojevic, Tijana"]
[Black "Stocko, Josip"]
[Result "0-1"]
[WhiteElo "2006"]
[BlackElo "2241"]
[PlyCount "72"]
[EventDate "2014.01.03"]
[EventType "swiss"]
[EventRounds "9"]
[EventCountry "CRO"]
[Source "lmi"]
[SourceDate "2014.01.03"]

1. e4 c5 2. Nf3 d6 3. Bb5+ Nd7 4. d4 cxd4 5. Qxd4 e5 6. Qd3 h6 7. O-O Ngf6 8.
c4 Be7 9. Nc3 O-O 10. Bxd7 Bxd7 11. Rd1 Qc7 12. b3 a6 13. a4 Rfd8 14. Ba3 Be6
15. Ne1 Rac8 16. Bc1 Rd7 17. h3 Qb8 18. Be3 Bd8 19. f4 exf4 20. Bxf4 Ba5 21.
Ne2 b5 22. axb5 axb5 23. cxb5 Bb6+ 24. Kh1 Qb7 25. Ra4 d5 26. e5 Ne4 27. Be3 d4
28. Bg1 Nc5 29. Qg3 Bxb3 30. Rdxd4 Bxa4 31. Rg4 Ne6 32. Nf4 Bd1 33. Nf3 Bxf3
34. gxf3 Rc1 35. Rxg7+ Nxg7 36. Nh5 Rxg1+ 0-1

[Event "19. Bosnjaci Open 2014"]
[Site "Bosnjaci CRO"]
[Date "2014.01.06"]
[Round "5.16"]
[White "Sertic, Rudolf"]
[Black "Burovic, Rijad"]
[Result "0-1"]
[WhiteElo "2354"]
[BlackElo "1949"]
[PlyCount "78"]
[EventDate "2014.01.03"]
[EventType "swiss"]
[EventRounds "9"]
[EventCountry "CRO"]
[Source "lmi"]
[SourceDate "2014.01.03"]

1. c4 g6 2. g3 Bg7 3. Bg2 e5 4. Nc3 d6 5. d3 f5 6. e4 Nf6 7. Nge2 Nc6 8. h3 Be6
9. Nd5 O-O 10. Be3 Qd7 11. Qd2 Nd8 12. Qa5 Rf7 13. Qa3 Nh5 14. exf5 gxf5 15.
Bg5 h6 16. Bh4 a6 17. Qb4 Rb8 18. Qd2 c6 19. Bf3 Bxd5 20. cxd5 Nf6 21. Nc3 c5
22. a4 b6 23. Bg2 Rf8 24. O-O Nf7 25. Rab1 b5 26. axb5 axb5 27. b4 Rfc8 28.
Rfc1 c4 29. dxc4 Rxc4 30. Bf1 Rd4 31. Qa2 Ne4 32. Nxe4 Rxe4 33. Rc6 Rd4 34.
Rbc1 Qb7 35. Rc7 Qxd5 36. Qa7 Ra8 37. Rc8+ Rxc8 38. Rxc8+ Kh7 39. Be2 Rxb4 0-1

[Event "19. Bosnjaci Open 2014"]
[Site "Bosnjaci CRO"]
[Date "2014.01.06"]
[Round "5.17"]
[White "Bobanac, Miro"]
[Black "Lujic, Simo"]
[Result "1-0"]
[WhiteElo "2285"]
[BlackElo "1933"]
[PlyCount "109"]
[EventDate "2014.01.03"]
[EventType "swiss"]
[EventRounds "9"]
[EventCountry "CRO"]
[Source "lmi"]
[SourceDate "2014.01.03"]

1. Nf3 d5 2. d4 Nf6 3. g3 e6 4. Bg2 c5 5. O-O Nc6 6. b3 cxd4 7. Nxd4 Nxd4 8.
Qxd4 Qc7 9. Nc3 Bd7 10. Bf4 Qc5 11. Be3 Qxd4 12. Bxd4 Be7 13. e4 Bb4 14. exd5
Bxc3 15. Bxc3 Nxd5 16. Bxg7 Rg8 17. Bd4 Bc6 18. a3 b6 19. c4 Ne7 20. a4 Bxg2
21. Kxg2 Nc6 22. Bc3 Ke7 23. b4 Rgc8 24. Rfc1 a5 25. b5 Nb8 26. Bd4 Nd7 27. Kf3
Rc7 28. Ra2 Rac8 29. Rac2 e5 30. Be3 f5 31. Ke2 Nc5 32. Bxc5+ Rxc5 33. f3 Ke6
34. Ke3 Rd8 35. Rd2 Rdc8 36. Rcd1 Rxc4 37. Rd6+ Ke7 38. Rd7+ Ke8 39. Rxh7 Rc3+
40. Ke2 R8c4 41. Rh5 Rxa4 42. Rxf5 Rc5 43. h4 Ke7 44. h5 Ke6 45. g4 Rxb5 46.
Kf2 Rc4 47. Rd8 Rbc5 48. h6 Rc8 49. Rff8 Rxd8 50. Rxd8 Rc7 51. g5 Kf5 52. Rg8
Rh7 53. Rg7 Rh8 54. h7 Rxh7 55. Rxh7 1-0

[Event "19. Bosnjaci Open 2014"]
[Site "Bosnjaci CRO"]
[Date "2014.01.06"]
[Round "5.18"]
[White "Blagojevic, Marijan"]
[Black "Caric, Mato"]
[Result "1-0"]
[WhiteElo "2160"]
[BlackElo "2045"]
[PlyCount "103"]
[EventDate "2014.01.03"]
[EventType "swiss"]
[EventRounds "9"]
[EventCountry "CRO"]
[Source "lmi"]
[SourceDate "2014.01.03"]

1. d4 Nf6 2. c4 g6 3. Nc3 Bg7 4. e4 d6 5. Nf3 O-O 6. Be2 c5 7. O-O Na6 8. Rb1
Bd7 9. a3 cxd4 10. Nxd4 Nc5 11. f3 Rc8 12. Be3 a6 13. b4 Ne6 14. Qd2 Nxd4 15.
Bxd4 Be6 16. Nd5 Bxd5 17. cxd5 e6 18. dxe6 fxe6 19. Rfd1 Qe7 20. Rbc1 Kh8 21.
Be3 Rxc1 22. Rxc1 Qd7 23. Bb6 Ne8 24. b5 axb5 25. Qb4 d5 26. Bxb5 Qd6 27. Bc5
Qf4 28. Rd1 Rg8 29. exd5 Qxb4 30. Bxb4 exd5 31. Bxe8 Rxe8 32. Rxd5 Rc8 33. Kf2
Bb2 34. Rd7 b6 35. Kg3 Kg8 36. Rb7 Bd4 37. f4 Rc2 38. h3 Bc5 39. Bxc5 bxc5 40.
Rc7 Rc3+ 41. Kg4 Rxa3 42. Rxc5 Ra7 43. h4 Kg7 44. Kg5 h6+ 45. Kg4 Ra2 46. g3
Ra6 47. h5 gxh5+ 48. Kxh5 Ra3 49. Rc7+ Kf6 50. Rc6+ Kf5 51. Rg6 Ra1 52. Kxh6
1-0

[Event "19. Bosnjaci Open 2014"]
[Site "Bosnjaci CRO"]
[Date "2014.01.06"]
[Round "5.19"]
[White "Golubicic, Luka"]
[Black "Matanovic, Luka"]
[Result "0-1"]
[WhiteElo "1802"]
[BlackElo "2055"]
[PlyCount "110"]
[EventDate "2014.01.03"]
[EventType "swiss"]
[EventRounds "9"]
[EventCountry "CRO"]
[Source "lmi"]
[SourceDate "2014.01.03"]

1. Nf3 d5 2. d4 Nf6 3. Nbd2 c5 4. e3 e6 5. b3 Be7 6. Bb2 O-O 7. Be2 Nc6 8. O-O
b6 9. Ne5 Bb7 10. f4 Ne4 11. Nxe4 dxe4 12. Nxc6 Bxc6 13. c4 Bf6 14. Qd2 Qd7 15.
Rad1 Rfd8 16. Qc2 Qb7 17. f5 Bg5 18. Bc1 Bf6 19. fxe6 cxd4 20. exd4 Rxd4 21.
exf7+ Qxf7 22. Be3 Rxd1 23. Qxd1 Qe7 24. Qc2 Bg5 25. Qc3 Rd8 26. Kh1 h6 27. h3
Bb7 28. Qc1 Bf6 29. c5 bxc5 30. Bxc5 Qe5 31. Be3 a5 32. Bf4 Qd4 33. Rd1 Qf2 34.
Rxd8+ Bxd8 35. Qd2 Kh7 36. Be3 Qf6 37. Bd4 Qe7 38. Qf4 Bc7 39. Qf5+ Kh8 40. Qh5
Qd6 41. Bg1 Bd5 42. Qg4 Qe5 43. Qh4 Qa1 44. Qf2 Qe5 45. Qd4 Qg5 46. Qe3 Bf4 47.
Qc5 h5 48. Bc4 Bxc4 49. bxc4 e3 50. Qc8+ Kh7 51. Qe6 Qg6 52. Qxg6+ Kxg6 53. g3
e2 54. Bf2 Bd2 55. Kg2 e1=Q 0-1

[Event "19. Bosnjaci Open 2014"]
[Site "Bosnjaci CRO"]
[Date "2014.01.06"]
[Round "5.20"]
[White "Pavlovic, Zeljko"]
[Black "Ljikar, Zoran"]
[Result "0-1"]
[WhiteElo "1985"]
[BlackElo "2180"]
[PlyCount "110"]
[EventDate "2014.01.03"]
[EventType "swiss"]
[EventRounds "9"]
[EventCountry "CRO"]
[Source "lmi"]
[SourceDate "2014.01.03"]

1. e4 c5 2. Nc3 e6 3. f4 a6 4. g3 b5 5. Qe2 Bb7 6. Bg2 Nc6 7. Nf3 Nd4 8. Nxd4
cxd4 9. Nd1 Bc5 10. d3 Ne7 11. O-O O-O 12. Nf2 d5 13. Bd2 Rc8 14. Rac1 Qd7 15.
Kh1 Bb6 16. Bb4 Bc5 17. Bd2 Rfe8 18. Ng4 f6 19. e5 f5 20. Nf2 Bb6 21. Bf3 Rc7
22. Qe1 Rec8 23. Bd1 Rc6 24. Bb4 Qc7 25. Nh3 a5 26. Bxe7 Qxe7 27. Ng5 Qb4 28.
Rb1 Qe7 29. Rc1 b4 30. Qe2 Ba6 31. Nf3 a4 32. Ne1 Bb5 33. Rb1 Qa7 34. Qf3 Ba5
35. Qe2 b3 36. cxb3 a3 37. Rf3 axb2 38. a4 Rc1 39. Rxb2 Bxe1 40. Qxe1 Be8 41.
Rf1 Ra1 42. Qd2 Rc3 43. Be2 Ra3 44. Rfb1 Qe7 45. Kg1 h6 46. Kg2 Qb4 47. Bd1 Kf8
48. Kf2 Ke7 49. Kf1 Qb8 50. Kg2 Qc8 51. Kf2 Qa6 52. Be2 Qb6 53. Bd1 Bd7 54. Ke2
Bc8 55. Ra2 Rxd3 0-1

[Event "19. Bosnjaci Open 2014"]
[Site "Bosnjaci CRO"]
[Date "2014.01.06"]
[Round "5.23"]
[White "Grubisic, Ivica"]
[Black "Babic, Andrija"]
[Result "0-1"]
[WhiteElo "1933"]
[BlackElo "2091"]
[PlyCount "98"]
[EventDate "2014.01.03"]
[EventType "swiss"]
[EventRounds "9"]
[EventCountry "CRO"]
[Source "lmi"]
[SourceDate "2014.01.03"]

1. e4 e6 2. d4 d5 3. exd5 exd5 4. Nf3 Nf6 5. Bd3 Be7 6. Bg5 Bg4 7. Nbd2 O-O 8.
O-O h6 9. Bh4 Nh5 10. Bg3 Nxg3 11. fxg3 Nd7 12. Qe2 c5 13. c3 cxd4 14. cxd4 Bf6
15. Qf2 Qb6 16. b3 Rac8 17. Rac1 Qb4 18. h3 Be6 19. Kh2 Qa3 20. Rxc8 Rxc8 21.
Bb1 Rc1 22. Rxc1 Qxc1 23. Qe3 b5 24. Qd3 Qc6 25. Nf1 b4 26. Ne3 Qb6 27. Qh7+
Kf8 28. Nf5 Bxf5 29. Qxf5 Qe6 30. Qd3 Qc6 31. Qf5 g6 32. Qd3 Kg7 33. h4 h5 34.
Qe3 Qe6 35. Qd2 Be7 36. Qd3 Nf6 37. Ne5 Bd6 38. Nf3 Ng4+ 39. Kg1 Bxg3 40. Bc2
Bf2+ 41. Kf1 Bg3 42. Qe2 Qf6 43. Bd1 Bxh4 44. Kg1 Bf2+ 45. Kh1 Bxd4 46. Qd2
Nf2+ 47. Kh2 Qd6+ 48. g3 Bb6 49. Nh4 Qe6 0-1

[Event "19. Bosnjaci Open 2014"]
[Site "Bosnjaci CRO"]
[Date "2014.01.06"]
[Round "6.4"]
[White "Jovanovic, Zoran2"]
[Black "Mrkonjic, Nenad"]
[Result "1-0"]
[WhiteElo "2526"]
[BlackElo "2376"]
[PlyCount "107"]
[EventDate "2014.01.03"]
[EventType "swiss"]
[EventRounds "9"]
[EventCountry "CRO"]
[Source "lmi"]
[SourceDate "2014.01.03"]

1. e4 e5 2. Bc4 Nf6 3. d3 Bc5 4. Nf3 d6 5. c3 h6 6. Bb3 O-O 7. O-O Nc6 8. h3
Bb6 9. a4 a6 10. Be3 Bxe3 11. fxe3 a5 12. Nbd2 Be6 13. Bc2 Ne7 14. Nh4 c6 15.
d4 Nh7 16. Qe2 g6 17. Qf2 c5 18. Nhf3 f6 19. Bd3 Qc7 20. Qe2 Kg7 21. Bc4 Bf7
22. Rfd1 Ng5 23. Nxg5 hxg5 24. Bxf7 Rxf7 25. dxe5 dxe5 26. Nc4 Rff8 27. Rd3
Rad8 28. Rad1 Nc8 29. Qd2 Rxd3 30. Qxd3 b6 31. Qd7+ Qxd7 32. Rxd7+ Rf7 33. Rd8
Rc7 34. Kf2 Rc6 35. Kf3 Ne7 36. Kg4 Kf7 37. Rb8 Ke6 38. Nxb6 c4 39. g3 Kf7 40.
Nd5 Nc8 41. Rb7+ Ke6 42. Rg7 Nb6 43. Rxg6 Nxd5 44. exd5+ Kxd5 45. Kf5 Rb6 46.
e4+ Kc5 47. Rxf6 Rxb2 48. Kxg5 Rb3 49. Rf3 Ra3 50. h4 Rxa4 51. h5 Ra1 52. h6
Rh1 53. Kg6 a4 54. Rf8 1-0

[Event "19. Bosnjaci Open 2014"]
[Site "Bosnjaci CRO"]
[Date "2014.01.06"]
[Round "6.5"]
[White "Zufic, Miroslav"]
[Black "Armanda, Ivica"]
[Result "1/2-1/2"]
[WhiteElo "2466"]
[BlackElo "2368"]
[PlyCount "89"]
[EventDate "2014.01.03"]
[EventType "swiss"]
[EventRounds "9"]
[EventCountry "CRO"]
[Source "lmi"]
[SourceDate "2014.01.03"]

1. e4 c5 2. Nf3 d6 3. d4 cxd4 4. Nxd4 Nf6 5. Nc3 g6 6. Be3 Bg7 7. f3 O-O 8. Qd2
Nc6 9. O-O-O d5 10. exd5 Nxd5 11. Nxc6 bxc6 12. Bd4 e5 13. Bc5 Be6 14. Ne4 Re8
15. Bc4 Qc7 16. g4 Red8 17. Qf2 Nf4 18. Bxe6 Nxe6 19. Bd6 Qa5 20. Kb1 Rd7 21.
c3 Rad8 22. Qh4 h6 23. Rd2 Ng5 24. Bb4 Qc7 25. Rhd1 Rxd2 26. Rxd2 Rxd2 27. Nxd2
Qd7 28. Qf2 Nxf3 29. Qxf3 Qxd2 30. a4 Qe1+ 31. Ka2 e4 32. Qf4 e3 33. Bc5 e2 34.
Bf2 Qd1 35. Qe4 Kh7 36. h4 c5 37. h5 c4 38. Qxc4 e1=Q 39. Bxe1 Qxe1 40. Qxf7
Qe4 41. hxg6+ Qxg6 42. Qxa7 Qxg4 43. a5 Qa4+ 44. Kb1 Qd1+ 45. Ka2 1/2-1/2

[Event "19. Bosnjaci Open 2014"]
[Site "Bosnjaci CRO"]
[Date "2014.01.06"]
[Round "6.6"]
[White "Burovic, Ismet"]
[Black "Saric, Sinisa"]
[Result "1/2-1/2"]
[WhiteElo "2372"]
[BlackElo "2406"]
[PlyCount "40"]
[EventDate "2014.01.03"]
[EventType "swiss"]
[EventRounds "9"]
[EventCountry "CRO"]
[Source "lmi"]
[SourceDate "2014.01.03"]

1. g3 g6 2. Bg2 Bg7 3. e4 e5 4. Ne2 Nc6 5. Nbc3 Nge7 6. d3 d6 7. Bg5 h6 8. Be3
Nd4 9. Qd2 Bh3 10. O-O d5 11. Bxd4 Bxg2 12. Bxe5 Bxe5 13. Kxg2 dxe4 14. Nxe4
Qd5 15. f3 O-O-O 16. N4c3 Qc5 17. b4 Qxb4 18. Rab1 Bxc3 19. Nxc3 Qd4 20. Rfe1
Nc6 1/2-1/2

[Event "19. Bosnjaci Open 2014"]
[Site "Bosnjaci CRO"]
[Date "2014.01.06"]
[Round "6.7"]
[White "Leventic, Ivan"]
[Black "Lazor, Vladimir"]
[Result "1-0"]
[WhiteElo "2457"]
[BlackElo "2194"]
[PlyCount "63"]
[EventDate "2014.01.03"]
[EventType "swiss"]
[EventRounds "9"]
[EventCountry "CRO"]
[Source "lmi"]
[SourceDate "2014.01.03"]

1. e4 d6 2. d4 Nf6 3. Nc3 g6 4. Be3 c6 5. a4 Bg7 6. h3 Qa5 7. Bd3 e5 8. dxe5
dxe5 9. Nf3 O-O 10. O-O Nbd7 11. Nd2 Nh5 12. Bc4 Qd8 13. a5 Nf4 14. Qf3 Qe7 15.
Bxf4 exf4 16. Qxf4 Ne5 17. Bb3 g5 18. Qe3 h5 19. f4 gxf4 20. Qxf4 Ng6 21. Qg3
Kh8 22. Bxf7 Bd4+ 23. Kh1 Rxf7 24. Qxg6 Rg7 25. Qh6+ Kg8 26. Nf3 Bxc3 27. bxc3
Bg4 28. Nd4 Bxh3 29. gxh3 Qxe4+ 30. Rf3 Rf8 31. Qe6+ Qxe6 32. Rxf8+ 1-0

[Event "19. Bosnjaci Open 2014"]
[Site "Bosnjaci CRO"]
[Date "2014.01.06"]
[Round "6.8"]
[White "Blagojevic, Marijan"]
[Black "Kovacevic, Blazimir"]
[Result "0-1"]
[WhiteElo "2160"]
[BlackElo "2449"]
[PlyCount "92"]
[EventDate "2014.01.03"]
[EventType "swiss"]
[EventRounds "9"]
[EventCountry "CRO"]
[Source "lmi"]
[SourceDate "2014.01.03"]

1. d4 e6 2. c4 Bb4+ 3. Bd2 Qe7 4. Nf3 Nf6 5. a3 Bxd2+ 6. Qxd2 O-O 7. Nc3 d6 8.
g3 e5 9. Bg2 Re8 10. e3 c6 11. O-O Nbd7 12. Qc2 Nb6 13. b3 Bg4 14. h3 Bxf3 15.
Bxf3 e4 16. Bg2 d5 17. c5 Nbd7 18. b4 a6 19. a4 h5 20. b5 h4 21. bxc6 bxc6 22.
Rab1 Ra7 23. Rb3 Nh7 24. Rfb1 Qg5 25. Rb7 Rea8 26. g4 f5 27. Qe2 fxg4 28. Qxg4
Qxg4 29. hxg4 Ng5 30. Kh2 a5 31. Ne2 Nf6 32. Bh3 Nf3+ 33. Kh1 g5 34. Rxa7 Rxa7
35. Rb6 Rc7 36. Nc1 Nd7 37. Rb2 Kf7 38. Bg2 Nf6 39. Bh3 Ke7 40. Kg2 Ra7 41. Nd3
Nd7 42. Nc1 Kd8 43. Kf1 Kc7 44. Kg2 Ra8 45. Kf1 Nb8 46. Bg2 Nh2+ 0-1

[Event "19. Bosnjaci Open 2014"]
[Site "Bosnjaci CRO"]
[Date "2014.01.06"]
[Round "6.10"]
[White "Leskur, Dejan"]
[Black "Plenca, Jadranko"]
[Result "1-0"]
[WhiteElo "2395"]
[BlackElo "2127"]
[PlyCount "157"]
[EventDate "2014.01.03"]
[EventType "swiss"]
[EventRounds "9"]
[EventCountry "CRO"]
[Source "lmi"]
[SourceDate "2014.01.03"]

1. e4 e5 2. Nf3 Nc6 3. Bb5 a6 4. Ba4 d6 5. c3 Bd7 6. d4 g6 7. O-O Bg7 8. Re1 h6
9. h3 Nf6 10. Nbd2 O-O 11. Nf1 Nh5 12. Ne3 b5 13. Bc2 Ne7 14. dxe5 dxe5 15. Ng4
Bxg4 16. hxg4 Nf4 17. Be3 Qxd1 18. Rexd1 Rfd8 19. g3 Ne6 20. Rxd8+ Rxd8 21. a4
c5 22. axb5 axb5 23. Ra6 Rb8 24. Bd3 Nc8 25. Kg2 Kf8 26. Nd2 Ke8 27. f3 Bf8 28.
Be2 g5 29. Ra5 Nd6 30. Bf2 Be7 31. Ra6 Kd7 32. Nb3 Ne8 33. Ra7+ N8c7 34. Na5
Nd8 35. Nb3 Nde6 36. Ra1 Rd8 37. Be3 Bd6 38. Rd1 Kc8 39. Na5 Bf8 40. Ra1 f6 41.
Nc6 Rd6 42. Na7+ Kb7 43. Nxb5 Nxb5 44. Bxb5 Rb6 45. Bc4 Rxb2+ 46. Kf1 Nc7 47.
Ke1 Rh2 48. Rb1+ Kc8 49. Rb6 Be7 50. Bf2 h5 51. gxh5 Rxh5 52. Bf7 Rh6 53. Ke2
Kd7 54. Bb3 Rh2 55. Bc4 Kc8 56. Kf1 Kd7 57. Kg1 Rh8 58. Kg2 Ra8 59. Be1 Ra1 60.
Bd2 Rd1 61. Rb2 Ra1 62. Kh3 Ra4 63. Bb3 Ra7 64. Kg4 Nb5 65. Bd5 Nd6 66. c4 Ra4
67. Rc2 Bd8 68. Be3 Bb6 69. Bf2 Rb4 70. Kh5 Rb3 71. Kg4 Rb4 72. f4 gxf4 73.
gxf4 Rb1 74. fxe5 fxe5 75. Bg3 Rg1 76. Rh2 Rc1 77. Rh7+ Kd8 78. Be6 Nxe4 79.
Bh4+ 1-0

[Event "19. Bosnjaci Open 2014"]
[Site "Bosnjaci CRO"]
[Date "2014.01.06"]
[Round "6.12"]
[White "Burovic, Rijad"]
[Black "Bobanac, Miro"]
[Result "1/2-1/2"]
[WhiteElo "1949"]
[BlackElo "2285"]
[PlyCount "114"]
[EventDate "2014.01.03"]
[EventType "swiss"]
[EventRounds "9"]
[EventCountry "CRO"]
[Source "lmi"]
[SourceDate "2014.01.03"]

1. e4 Nf6 2. e5 Nd5 3. c4 Nb6 4. b3 d6 5. exd6 cxd6 6. d4 e5 7. d5 g6 8. Bb2
Bg7 9. g3 O-O 10. Bg2 N8d7 11. Ne2 Nc5 12. O-O Bf5 13. h3 h5 14. Nd2 Rc8 15.
Bc3 Bd3 16. a4 f5 17. f4 e4 18. Bxg7 Kxg7 19. a5 Nbd7 20. Re1 Qf6 21. Kh2 Bxe2
22. Qxe2 Nd3 23. Red1 h4 24. Qe3 hxg3+ 25. Qxg3 Rh8 26. Bf1 Qh4 27. Bxd3 Qxg3+
28. Kxg3 exd3 29. Re1 Rce8 30. b4 Nf6 31. Rad1 Kf7 32. Kg2 Ne4 33. Nb3 Rc8 34.
c5 dxc5 35. bxc5 Nxc5 36. Nxc5 Rxc5 37. d6 Rc2+ 38. Kg3 Re2 39. Rxe2 dxe2 40.
Re1 Rd8 41. Rxe2 Rxd6 42. Rb2 b6 43. axb6 axb6 44. Kh4 Kf6 45. Rb5 Ke6 46. Kg5
Kd7 47. h4 Kc6 48. Rb1 b5 49. Rc1+ Kb6 50. Rb1 Rc6 51. h5 gxh5 52. Kxf5 h4 53.
Kg4 Rh6 54. Kg5 Rh8 55. f5 h3 56. f6 h2 57. Rh1 Kc5 1/2-1/2

[Event "19. Bosnjaci Open 2014"]
[Site "Bosnjaci CRO"]
[Date "2014.01.06"]
[Round "6.13"]
[White "Stocko, Josip"]
[Black "Sargac, Rajna"]
[Result "1/2-1/2"]
[WhiteElo "2241"]
[BlackElo "2172"]
[PlyCount "32"]
[EventDate "2014.01.03"]
[EventType "swiss"]
[EventRounds "9"]
[EventCountry "CRO"]
[Source "lmi"]
[SourceDate "2014.01.03"]

1. e4 e6 2. d3 c5 3. g3 Nc6 4. Bg2 g6 5. Nc3 Bg7 6. Be3 Nd4 7. Qd2 Ne7 8. Nd1
d6 9. c3 Ndc6 10. Ne2 O-O 11. O-O b5 12. d4 cxd4 13. Nxd4 Nxd4 14. Bxd4 e5 15.
Be3 Bb7 16. Bh6 Bxh6 1/2-1/2